Advanced Environmental Analysis (RSC detection science) : (Record no. 600459)
[ view plain ]
| 000 -LEADER | |
|---|---|
| fixed length control field | 00308nam a2200097Ia 4500 |
| 008 - FIXED-LENGTH DATA ELEMENTS--GENERAL INFORMATION | |
| fixed length control field | 230907s9999||||xx |||||||||||||| ||und|| |
| 082 ## - DEWEY DECIMAL CLASSIFICATION NUMBER | |
| Classification number | 577.14 |
| Author Mark | ADV |
| 245 #0 - TITLE STATEMENT | |
| Title | Advanced Environmental Analysis (RSC detection science) : |
| 300 ## - PHYSICAL DESCRIPTION | |
| Extent | 2 vol. set; xxv, 534 (vol.1) pages ; xxv, 430 (vol.2) pages. |
| 942 ## - ADDED ENTRY ELEMENTS (KOHA) | |
| Koha item type | Book |
| Withdrawn status | Lost status | Damaged status | Not for loan | Permanent Location | Current Location | Date acquired | Total Checkouts | Full call number | Barcode | Date last seen | Price effective from | Koha item type |
|---|---|---|---|---|---|---|---|---|---|---|---|---|
| US-Pakistan Center for Advanced Studies in Energy (USPCAS-E) | US-Pakistan Center for Advanced Studies in Energy (USPCAS-E) | 11/22/2019 | 577.14 ADV | CAS-E0004558 | 09/12/2023 | 09/12/2023 | Book |
